<?xml version="1.0" encoding="UTF-8"?><?xml-stylesheet type="text/xsl" href="static/style.xsl"?><OAI-PMH xmlns="http://www.openarchives.org/OAI/2.0/" xmlns:xsi="http://www.w3.org/2001/XMLSchema-instance" xsi:schemaLocation="http://www.openarchives.org/OAI/2.0/ http://www.openarchives.org/OAI/2.0/OAI-PMH.xsd"><responseDate>2026-04-13T05:45:29Z</responseDate><request verb="GetRecord" identifier="oai:www.recercat.cat:2117/127953" metadataPrefix="marc">https://recercat.cat/oai/request</request><GetRecord><record><header><identifier>oai:recercat.cat:2117/127953</identifier><datestamp>2025-07-23T03:44:36Z</datestamp><setSpec>com_2072_1033</setSpec><setSpec>col_2072_452951</setSpec></header><metadata><record xmlns="http://www.loc.gov/MARC21/slim" xmlns:dcterms="http://purl.org/dc/terms/" xmlns:xsi="http://www.w3.org/2001/XMLSchema-instance" xmlns:doc="http://www.lyncode.com/xoai" xsi:schemaLocation="http://www.loc.gov/MARC21/slim http://www.loc.gov/standards/marcxml/schema/MARC21slim.xsd">
   <leader>00925njm 22002777a 4500</leader>
   <datafield ind2=" " ind1=" " tag="042">
      <subfield code="a">dc</subfield>
   </datafield>
   <datafield ind2=" " ind1=" " tag="720">
      <subfield code="a">Contreras Pimentel, Luis Adderlyn</subfield>
      <subfield code="e">author</subfield>
   </datafield>
   <datafield ind2=" " ind1=" " tag="260">
      <subfield code="c">2018-07</subfield>
   </datafield>
   <datafield ind2=" " ind1=" " tag="520">
      <subfield code="a">Un plan de labores bien tazado y estrictamente actualizado, da lugar a que una actividad minera se realice de manera efectiva dando rentabilidad económica mientras años de planificación tenga la mina. Son muchos factores a considerar a la hora de comenzar un plan de labores, puesto que se debe conocer en su totalidad las características del depósito mineralizado, que se obtiene mediante estudios previos y ensayos mineralógicos. En seguida se hace la selección del método de explotación, teniendo en cuenta las características ya conocidas y buscando seguridad en la actividad minera. Después se establece un diseño de mina con la búsqueda de generar la menor cantidad e estéril posible, y que se ajuste lo mejor posible al terreno. El diseño al igual que el terreno condiciona el uso de maquinaria específica que se adapte a las condiciones de lugar. Ya a partir de esto se va haciendo el plan de explotación minero, que luego de hacer una propuesta preliminar debe ajustarse a un estudio económico para obtener beneficios. Por esto es que el estudio económico es una parte importante de la actividad minera, pues de este depende si esta se puede realizar o no. En este trabajo se pretende hacer un plan de labores mineros y hacer una comparación&#xd;
en el estudio económico, de un caso desfavorable y un caso favorable de la ley de corte (cut- off) y ver que disponibilidad se tiene, en ambos casos.</subfield>
   </datafield>
   <datafield tag="653" ind2=" " ind1=" ">
      <subfield code="a">Àrees temàtiques de la UPC::Enginyeria civil::Enginyeria de mines</subfield>
   </datafield>
   <datafield tag="653" ind2=" " ind1=" ">
      <subfield code="a">Gold mines and mining</subfield>
   </datafield>
   <datafield tag="653" ind2=" " ind1=" ">
      <subfield code="a">Mines d'or</subfield>
   </datafield>
   <datafield ind2="0" ind1="0" tag="245">
      <subfield code="a">Alternativa de plan de labores de una mina subterránea de oro en Andalucía.</subfield>
   </datafield>
</record></metadata></record></GetRecord></OAI-PMH>